LEADER 01154nam a2200301 u 4500 001 000000031776 003 CaOOAMICUS 005 20070226112158.0 008 971007s1991 it u000 u ita u 020 $a8837214502 035 $a10771898 040 $aPUL(R)$bita 100 1 $aTrotta, Giuseppe.$0(OLS)http://pul/name/25276 245 13$aIl sabato nella tradizione ebraica /$ca cura di Giuseppe Trotta. 260 $aBrescia :$bMorcelliana,$c1991. 300 $a180 p. ;$c20 cm 490 1 $aAttendendo l'aurora 500 $aIn testa al front.: E. Bianchi ... [et al.]. 504 $aBibliografia in nota. 700 1 $aBianchi, E.$0(OLS)http://pul/name/25277 830 0$aAttendendo l'aurora.$0(OLS)http://pul/title/43164 850 $aPUL 852 $aPUL$W1$xSL Religione 1$y3$m7(1) F 56$j43827$nBK-PRI$b $qStampati$B43827$CPULBib$Z2$F43827 $H $81 941 1 $a8 961 $aINV: 68771 996 $6020$a8837214502$9(OLS)http://pul/number/39905 996 $6245$aIl sabato nella tradizione ebraica$9(OLS)http://pul/title/43727 996 $6260$aBrescia :$bMorcelliana$9(OLS)http://pul/publisher/47854 LEADER 01383nam a2200301 a 4500 001 000000122405 003 CaOOAMICUS 005 20100706152212.0 008 100706t2005 it bf u000 u ita r 020 $a88-15-09826-7 040 $aPUL$bita$dReb 082 04$a909 100 1 $aGoldstein, Erik.$0(OLS)http://pul/name/76810 240 10$aFirst World War peace settlements : 1919-1925$lItaliano.$0(OLS)http://pul/title/154161 245 14$aGli accordi di pace dopo la Grande Guerra :$b1919-1925 /$cErik Goldstein. 260 $aBologna :$bIl Mulino,$cİ2005. 300 $a203 p., [3] c. di tav. in fine :$bc. geogr. ;$c21 cm. 490 1 $aUniversale paperbacks Il Mulino ;$v478 504 $aInclude riferimenti bibliografici ed indice. 650 4$aRelazioni internazionali$y1919-1925.$0(OLS)http://pul/subject/37046 830 0$aUniversale paperbacks Il Mulino ;$v478.$0(OLS)http://pul/title/190 850 $aPUL 852 $aPUL$W1$xDP2 Filosofia 3$y112$m909 COLL 2.478$j140571$qDDC 21$B139680$CPULBib$Z2$F139680 $H114287 $82 941 1 $a9 996 $6020$a88-15-09826-7$9(OLS)http://pul/number/144785 996 $6082$a909$9(OLS)http://pul/classification/566 996 $6245$aGli accordi di pace dopo la Grande Guerra :$b1919-1925$9(OLS)http://pul/title/154162 996 $6260$aBologna :$bIl Mulino$9(OLS)http://pul/publisher/47928